Datum a čas kvízu
37.5
Celkem bodů
Celkový počet nahraných bodů na tomto kvízu bez doplňovacích otázek.
1.
Pořadí na kvízu
Konečné umístění týmu na tomto kvízu.
Zaznamenané odpovědi
| # | Otázka | Odpověď | Body | Výsledky |
|---|---|---|---|---|
| 1. | V minulých letech došlo k uzav... | od 20:00 do 5:00 | 0 | |
| 2. | Ve věku 79 let zemřel v neděli... | Pákistán | 1 | |
| 3. | Takovou party ještě strašnické... | Petr Hošek | 0 | |
| 4. | Zhruba stovka lidí pracujících... | Wolt | 1 | |
| 5. | Ve čtvrtek měl premiéru další... | Zlatan Ibrahimović, Tomáš Ujfaluši | 1 | |
| 6. | Nyní se zaměříme na umělce a j... | Less | 1 | |
| 7. | Postava francouzského malíře P... | B) šimpanz | 0 | |
| 8. | Za kontroverzní byla považován... | Jackson Pollock | 0 | |
| 9. | Fotografie amerického umělce A... | (Serranova) moč | 0 | |
| 10. | V poslední otázce se vrátíme k... | Entropa | 1 |